[Event "Muensterland Verbandsklasse-B 1213"]
[Site "Germany"]
[Date "2013.05.11"]
[Round "9.8"]
[White "Rottstegge, Martial"]
[Black "Merkentrup, Ralf"]
[Result "1/2-1/2"]
[WhiteElo "1462"]
[BlackElo "1676"]
[PlyCount "32"]
[EventDate "2012.09.15"]
[EventType "team-tourn"]
[EventRounds "9"]
[EventCountry "GER"]
[SourceTitle "EXT 2015"]
[Source "ChessBase"]
[SourceDate "2014.11.20"]
[SourceVersion "1"]
[SourceVersionDate "2014.11.20"]
[SourceQuality "1"]
[WhiteTeam "Heiden II"]
[BlackTeam "Beelen"]
[WhiteTeamCountry "GER"]
[BlackTeamCountry "GER"]

1. e4 e6 2. Nf3 c5 3. Nc3 a6 4. d4 cxd4 5. Nxd4 d6 6. Bd3 Nf6 7. 0-0 Be7 8. Nf3 0-0 9. Bg5 Nbd7 10. Qe2 Nc5 11. Rad1 Qb6 12. e5 dxe5 13. Bxf6 Bxf6 14. Ne4 Nxe4 15. Qxe4 g6 16. b3 Qc7 1/2-1/2